000 01000nam a2200217Ia 4500
999 _c39892
_d39892
001 6497
003 GE_BSU
005 20191004110413.0
008 181216s1965||||ge |||||||||||||| ||geo||
040 _cGE_BSU
041 _ageo
080 _a821.353.1-31 ბ-45
100 _aბელიაშვილი, აკაკი
_94491
245 _aთხზულებანი ტომი 3 :
_bთავგადასავალი ბესიკ გაბაშვილისა რომანი სამ ნაწილად /
_cაკაკი ბელიაშვილი ; რედ. ლ. ფოფხაძე.
264 _aთბილისი :
_bსაბჭ.საქართველო ;
_c1965.
300 _a490 გვ. ;
_c22 სმ.
653 _aთავგადასავალი ბესიკ გაბაშვილისა
653 _aრომანი
700 _aფოფხაძე. ლ.
_eრედაქტორი
_93739
942 _cBK
_2udc